Ako nakupujeme vône?

Absolútne kľúčovým obdobím pre predaj parfémov je predvianočné obdobie. Podľa štatistiky sa predá až tretina kusov predaných počas roka. Pre niektorých predajcov to znamená viac ako tretinu ročných tržieb.

Salvato in:
Dettagli Bibliografici
Natura: Capitolo di libro
Lingua:slovacco
Soggetti:
Tags: Aggiungi Tag
Nessun Tag, puoi essere il primo ad aggiungerne!!

MARC

LEADER 00000naa a2200000 4500
001 0305231
005 20241121105525.5
041 0 |a slo 
044 |a SK 
245 1 0 |a Ako nakupujeme vône? 
520 |a Absolútne kľúčovým obdobím pre predaj parfémov je predvianočné obdobie. Podľa štatistiky sa predá až tretina kusov predaných počas roka. Pre niektorých predajcov to znamená viac ako tretinu ročných tržieb. 
610 2 0 |a kozmetika 
610 2 0 |a tržby 
610 2 0 |a správanie spotrebiteľa 
610 2 0 |a dopyt spotrebiteľský 
610 2 0 |a sviatok štátny